Distrito y circular (Record no. 169304)

MARC details
000 -LEADER
campo de control de longitud fija 00889nam a2200253 i 4500
001 - NÚMERO DE CONTROL
campo de control 169304
003 - IDENTIFICADOR DE NÚMERO DE CONTROL
campo de control ES-MaACL
005 - FECHA Y HORA DE LA ÚLTIMA TRANSACCIÓN
campo de control 20260203063033.0
008 - DATOS DE LONGITUD FIJA--INFORMACIÓN GENERAL
campo de control de longitud fija 080829s2007 sp |||| | spa d
017 ## - NÚMERO DE COPYRIGHT O DE DEPÓSITO LEGAL
Número de copyright o de depósito legal M-41.124-2007
020 ## - NÚMERO INTERNACIONAL ESTÁNDAR DEL LIBRO
Número Internacional Estándar del Libro 978-84-7522-654-5
080 ## - NÚMERO DE LA CLASIFICACIÓN DECIMAL UNIVERSAL
Número de la Clasificación Decimal Universal 821.111(417)-14"19"
100 1# - ENTRADA PRINCIPAL--NOMBRE DE PERSONA
Nombre de persona Heaney, Seamus,
Fechas asociadas al nombre 1939-2013
9 (RLIN) 166173
245 10 - MENCIÓN DEL TÍTULO
Título Distrito y circular
Resto del título = District and circle /
Mención de responsabilidad, etc. Seamus Heaney ; traducción, prólogo y notas de Dámaso López García.
246 1# - FORMA VARIANTE DEL TITULO
Título propio/Titulo breve District and circle.
260 ## - PUBLICACIÓN, DISTRIBUCIÓN, ETC.
Lugar de publicación, distribución, etc. Madrid :
Nombre del editor, distribuidor, etc. Visor Libros,
Fecha de publicación, distribución, etc. 2007.
300 ## - DESCRIPCIÓN FÍSICA
Extensión 192 p. ;
Dimensiones 20 cm.
490 1# - MENCIÓN DE SERIE
Mención de serie Colección Visor de poesía ;
Designación de volumen o secuencia 654
546 ## - NOTA DE IDIOMA
Nota de lengua/lenguaje Texto en inglés y traducción en español.
700 1# - ENTRADA AGREGADA--NOMBRE PERSONAL
Nombre de persona López García, Dámaso.
9 (RLIN) 73659
830 0# - PUNTO DE ACCESO ADICIONAL DE SERIE-TÍTULO UNIFORME
Título uniforme Colección Visor de poesía
Designación de volumen o secuencia 654
9 (RLIN) 177331
852 4# - LOCALIZACIÓN
Ubicación ES-MaACL
Número de control de estantería L-29662
itemnumber R.142924
Holdings
Estatus retirado Estado de pérdida Estado de daño No para préstamo Biblioteca de origen Biblioteca actual Ubicación en estantería Fecha de adquisición Fuente de adquisición Total de préstamos Signatura topográfica completa Código de barras Visto por última vez Precio de reemplazo Tipo de ítem Koha
        Biblioteca del Ateneo de Madrid Biblioteca del Ateneo de Madrid Depósito 2 29/08/2008     L-29662 1177746 23/02/2023 23/02/2023 Libro impreso